Municípios da Região Metropolitana de Itabaiana (PB) no mapa - Statistics

Estatísticas Gerais
  • Esse quiz foi jogado 9 vezes
  • A pontuação média é 6 de 12
Respostas no mapa
Respostas codificadas por cores de uma escala verde-vermelha no mapa do quiz de acordo com a % correta abaixo.
 
Estatísticas das Respostas
Município % Correto
Itabaiana
100%
Caldas Brandão
50%
Gurinhém
50%
Ingá
50%
Juarez Távora
50%
Mogeiro
50%
Pilar
50%
Riachão do Bacamarte
50%
Salgado de São Félix
50%
São José dos Ramos
50%
Juripiranga
33%
São Miguel de Taipu
33%
Nenhum quiz correspondente encontrado
Distribuição das Pontuações
Porcentagem de Pessoas com Cada Pontuação
Percentil de Números Respondidos
Sua Pontuação Histórica
Você não jogou esse quiz